000 01005nam a2200289 i 4500
003 DO-SdBNP
005 20251127130934.0
007 ta
008 251127b2004 dr a|||| |||| 00| 0 spa d
020 _a9993491403
040 _aDO-SdBNP
_bspa
_cBNPHU
_erda
041 _aspa
082 4 _axxx
_bxxx
_222
100 _aOlivero Abréu, Alfredo,
_eautor
_4aut.
_988836
245 1 0 _acriminalística y metodología de la investigación criminal /
_cAlfredo Olivero Abréu ; prólogo, Víctor M. Burgos C.
250 _aSegunda edición
264 1 _aSantiago, República Dominicana :
_bEditora Teófilo,
_c2004.
300 _a407 páginas :
_bilustraciones ;
_c22 cm.
336 _atexto
_btxt
_2rdacontent
337 _asin mediación
_bn
_2rdamedia
338 _avolumen
_bnc
_2rdacarrier
500 _aIncluye datos biográficos del autor en la contracubierta
590 _aInventariado, 2025/BT
700 1 _aBurgos C., Víctor M.,
_eprologuista
_4pr.
_988837
910 _aBtavárez
942 _2ddc
_cLBS1
999 _c60088
_d60088